[Event "Titled Tuesday intern op 16th Apr Early"]
[Site "Chess.com INT"]
[Date "2024.04.16"]
[Round "4"]
[White "Bold, Andre"]
[Black "Danielian, Vardan"]
[Result "0-1"]
[WhiteElo "2218"]
[BlackElo "2230"]
[PlyCount "102"]
[EventDate "2024.04.16"]
[EventType "swiss (blitz)"]
[EventRounds "11"]
[EventCountry "USA"]
[SourceTitle "CB17_2024"]
[SourceDate "2024.04.24"]
[SourceVersion "1"]
[SourceVersionDate "2024.04.24"]
[SourceQuality "1"]

1. d4 Nf6 2. Nf3 g6 3. c4 Bg7 4. g3 0-0 5. Bg2 d6 6. 0-0 Nbd7 7. Nc3 e5 8. h3 Re8 9. Bg5 h6 10. Bxf6 Bxf6 11. e3 exd4 12. Nxd4 a6 13. Nd5 Bg7 14. Rc1 c6 15. Nf4 a5 16. b3 Nc5 17. Nd3 Qe7 18. Nxc5 dxc5 19. Nf3 Bf5 20. Qe2 a4 21. Nh4 Be6 22. Rb1 axb3 23. axb3 Ra3 24. e4 Rea8 25. Rfd1 Ra2 26. Rd2 Rxd2 27. Qxd2 Rd8 28. Qe2 Qd7 29. g4 Qd2 30. Qxd2 Rxd2 31. Nf3 Ra2 32. Rd1 Ra1 33. Rxa1 Bxa1 34. Bf1 Bc3 35. Bd3 b5 36. Kf1 Kf8 37. Ng1 Ke7 38. Ne2 Bb2 39. Nf4 Bd7 40. Ke2 Kd6 41. Ng2 Ke5 42. Ke3 Bc1+ 43. Ke2 Kd4 44. Ne1 Kc3 45. cxb5 cxb5 46. Bc2 Bd2 47. Bd1 Bxe1 48. Kxe1 Be6 49. f4 Bxb3 50. Be2 b4 51. e5 Be6 0-1

[Event "Titled Tuesday intern op 16th Apr Late"]
[Site "Chess.com INT"]
[Date "2024.04.16"]
[Round "2"]
[White "Danielian, Vardan"]
[Black "Bluebaum, Matthias"]
[Result "0-1"]
[WhiteElo "2230"]
[BlackElo "2649"]
[PlyCount "82"]
[EventDate "2024.04.16"]
[EventType "swiss (blitz)"]
[EventRounds "11"]
[EventCountry "USA"]
[SourceTitle "CB17_2024"]
[SourceDate "2024.04.24"]
[SourceVersion "1"]
[SourceVersionDate "2024.04.24"]
[SourceQuality "1"]

1. Nf3 d5 2. d4 e6 3. c4 Nf6 4. Nc3 Bb4 5. e3 0-0 6. Bd3 dxc4 7. Bxc4 c5 8. 0-0 a6 9. a3 Bxc3 10. bxc3 b5 11. Bd3 Bb7 12. a4 c4 13. Bc2 Nbd7 14. Re1 Ne4 15. Bb2 f5 16. Nd2 Nxd2 17. Qxd2 Qg5 18. f4 Qg6 19. axb5 axb5 20. Ba3 Rfe8 21. Bd6 Nf6 22. Be5 Ne4 23. Bxe4 Bxe4 24. h3 h6 25. Kh2 Kh7 26. Rg1 h5 27. Qf2 Ra4 28. Ra2 Rea8 29. Rb2 b4 30. Rxb4 Rxb4 31. cxb4 c3 32. b5 Bd5 33. b6 Ra6 34. g4 hxg4 35. Qh4+ Qh6 36. Qxh6+ Kxh6 37. hxg4 Rxb6 38. gxf5 exf5 39. Kg3 c2 40. Rc1 Be4 41. d5 Rb1 0-1

[Event "Titled Tuesday intern op 16th Apr Early"]
[Site "Chess.com INT"]
[Date "2024.04.16"]
[Round "3"]
[White "Danielian, Vardan"]
[Black "Jirasek, Ladia R"]
[Result "1/2-1/2"]
[WhiteElo "2230"]
[BlackElo "2361"]
[PlyCount "60"]
[EventDate "2024.04.16"]
[EventType "swiss (blitz)"]
[EventRounds "11"]
[EventCountry "USA"]
[SourceTitle "CB17_2024"]
[SourceDate "2024.04.24"]
[SourceVersion "1"]
[SourceVersionDate "2024.04.24"]
[SourceQuality "1"]

1. Nf3 g6 2. d4 Nf6 3. c4 Bg7 4. g3 0-0 5. Bg2 d6 6. 0-0 Nc6 7. Nc3 e5 8. d5 Nb8 9. e4 a5 10. c5 dxc5 11. Nxe5 Nxe4 12. Nxe4 Bxe5 13. Bg5 f6 14. Bh6 Re8 15. Nxc5 Bxb2 16. Rb1 Ba3 17. Nxb7 Qe7 18. d6 cxd6 19. Nxd6 Bxd6 20. Bxa8 Nd7 21. Bd5+ Kh8 22. Re1 Ne5 23. f4 Bc5+ 24. Kh1 Ng4 25. Rxe7 Nf2+ 26. Kg2 Bh3+ 27. Kf3 Bg4+ 28. Kg2 Bh3+ 29. Kf3 Bg4+ 30. Kg2 Bh3+ 1/2-1/2

[Event "Titled Tuesday intern op 16th Apr Early"]
[Site "Chess.com INT"]
[Date "2024.04.16"]
[Round "1"]
[White "Smieszek, Wojciech"]
[Black "Danielian, Vardan"]
[Result "1-0"]
[WhiteElo "2127"]
[BlackElo "2230"]
[PlyCount "73"]
[EventDate "2024.04.16"]
[EventType "swiss (blitz)"]
[EventRounds "11"]
[EventCountry "USA"]
[SourceTitle "CB17_2024"]
[SourceDate "2024.04.24"]
[SourceVersion "1"]
[SourceVersionDate "2024.04.24"]
[SourceQuality "1"]

1. e4 c5 2. Nf3 d6 3. d4 cxd4 4. Nxd4 Nf6 5. Nc3 g6 6. Be3 Bg7 7. f3 0-0 8. Qd2 Nc6 9. Bc4 Bd7 10. h4 Rc8 11. Bb3 h5 12. 0-0-0 Ne5 13. Bg5 Rc5 14. Kb1 Qa5 15. Bxf6 Bxf6 16. Nd5 Rxd5 17. exd5 Qb6 18. g4 hxg4 19. h5 g5 20. f4 gxf4 21. Qxf4 a5 22. a4 Rc8 23. c3 Qc5 24. Rhg1 b5 25. Nxb5 Bxb5 26. axb5 a4 27. Qxa4 Kh8 28. Bc2 Rg8 29. Qe4 Kg7 30. h6+ Kf8 31. h7 Rh8 32. Rxg4 Nxg4 33. Qxg4 Qe3 34. Rg1 e5 35. Qc8+ Ke7 36. Qc7+ Ke8 37. Rg8+ 1-0

[Event "Titled Tuesday intern op 02nd Apr Late"]
[Site "Chess.com INT"]
[Date "2024.04.02"]
[Round "9"]
[White "Hamitevici, Vladimir"]
[Black "Danielian, Vardan"]
[Result "1-0"]
[WhiteElo "2445"]
[BlackElo "2230"]
[PlyCount "59"]
[EventDate "2024.04.02"]
[EventType "swiss (blitz)"]
[EventRounds "11"]
[EventCountry "USA"]
[SourceTitle "CB15_2024"]
[SourceDate "2024.04.10"]
[SourceVersion "1"]
[SourceVersionDate "2024.04.10"]
[SourceQuality "1"]

1. Nf3 Nf6 2. g3 g6 3. Bg2 Bg7 4. b3 0-0 5. Bb2 d6 6. d4 e5 7. dxe5 Ng4 8. c4 Nxe5 9. Nxe5 dxe5 10. Qxd8 Rxd8 11. Nc3 c6 12. Rd1 Rxd1+ 13. Kxd1 Bf5 14. Be4 Bxe4 15. Nxe4 Na6 16. Kc1 f5 17. Nd6 b6 18. Rd1 Rd8 19. Nb7 Rxd1+ 20. Kxd1 c5 21. Nd8 Nb4 22. a3 Bf6 23. axb4 Bxd8 24. bxc5 e4 25. c6 Bc7 26. b4 a5 27. b5 Kf7 28. Bd4 Ke8 29. c5 bxc5 30. Bxc5 1-0

[Event "Titled Tuesday intern op 12th Mar Late"]
[Site "Chess.com INT"]
[Date "2024.03.12"]
[Round "1"]
[White "Danielian, Vardan"]
[Black "Plat, Vojtech"]
[Result "0-1"]
[WhiteElo "2230"]
[BlackElo "2528"]
[PlyCount "164"]
[EventDate "2024.03.12"]
[EventType "swiss (blitz)"]
[EventRounds "11"]
[EventCountry "USA"]
[SourceTitle "CB12_2024"]
[SourceDate "2023.10.01"]
[SourceVersion "1"]
[SourceVersionDate "2023.10.01"]
[SourceQuality "1"]

1. d4 d6 2. Nf3 Nf6 3. g3 Bf5 4. Bg2 c6 5. 0-0 h6 6. c4 Nbd7 7. Nc3 e5 8. d5 cxd5 9. Nxd5 Be4 10. Nxf6+ Nxf6 11. Ne1 Bc6 12. Nc2 Be7 13. Ne3 0-0 14. b3 Re8 15. Bb2 Bf8 16. Nd5 Nxd5 17. Bxd5 Rc8 18. Qd2 Qd7 19. Rad1 b5 20. Bxc6 Qxc6 21. cxb5 Qxb5 22. Ba3 Rc6 23. Qd5 Qxd5 24. Rxd5 Ra6 25. Bb4 Rxa2 26. Bxd6 Bxd6 27. Rxd6 Rxe2 28. Rd7 Rb2 29. Rxa7 Rxb3 30. Rfa1 Re6 31. Ra8+ Kh7 32. R8a3 Rbb6 33. Kg2 Rf6 34. Rf3 Rxf3 35. Kxf3 Kg6 36. h4 Kf5 37. Ra7 Kf6 38. Rc7 g6 39. Rd7 Ke6 40. Ra7 h5 41. Kg2 f6 42. Kf3 Kf5 43. Kg2 Rb5 44. Ra6 e4 45. Rc6 Re5 46. Rb6 g5 47. hxg5 fxg5 48. Rb4 Rd5 49. Rb8 Rd2 50. Rf8+ Kg4 51. Re8 Rd4 52. Re5 Rc4 53. Re6 Kf5 54. Re8 Rc5 55. Rf8+ Kg6 56. Rg8+ Kf6 57. Re8 Re5 58. Rf8+ Kg6 59. Rg8+ Kf5 60. Rf8+ Kg4 61. Rb8 h4 62. gxh4 gxh4 63. Rf8 Rf5 64. Re8 Kf4 65. Re7 Rg5+ 66. Kf1 Rh5 67. Kg2 h3+ 68. Kh2 Kf3 69. Rf7+ Ke2 70. Rf4 Kd3 71. Rg4 Rf5 72. Rg3+ Kd4 73. Kxh3 Rxf2 74. Rg8 Rf7 75. Kg3 Ke3 76. Ra8 Rg7+ 77. Kh2 Kf3 78. Rf8+ Ke2 79. Ra8 e3 80. Ra2+ Kf3 81. Ra3 Kf2 82. Ra8 Rh7# 0-1

[Event "Titled Tuesday intern op 7th Mar Late"]
[Site "Chess.com INT"]
[Date "2023.03.07"]
[Round "6"]
[White "Danielian, Vardan"]
[Black "Rios Escobar, Adan"]
[Result "1-0"]
[WhiteElo "2230"]
[BlackElo "2276"]
[PlyCount "95"]
[EventDate "2023.03.07"]
[EventType "swiss (blitz)"]
[EventRounds "11"]
[EventCountry "USA"]
[SourceTitle "EXT 2024"]
[Source "ChessBase"]
[SourceDate "2023.10.10"]
[SourceVersion "1"]
[SourceVersionDate "2023.10.10"]
[SourceQuality "1"]

1. d4 Nf6 2. Nf3 g6 3. c4 Bg7 4. Nc3 0-0 5. g3 d5 6. cxd5 Nxd5 7. Bg2 Nxc3 8. bxc3 c5 9. 0-0 Nc6 10. d5 Bxc3 11. Bh6 Bxa1 12. Qxa1 Nd4 13. Nxd4 cxd4 14. Qxd4 e5 15. Qxe5 f6 16. Qd4 Rf7 17. e4 Bd7 18. h4 Qe7 19. Rb1 b6 20. Re1 Rc8 21. Kh2 Qc5 22. Qd2 Qc2 23. Qf4 Qxa2 24. Kg1 Qb2 25. Qe3 Qc3 26. Qe2 a5 27. Rc1 Qe5 28. Rxc8+ Bxc8 29. Bf4 Qe7 30. d6 Qd7 31. e5 fxe5 32. Bxe5 Bb7 33. Bxb7 Qxb7 34. Qb5 Qd7 35. Qxb6 Qf5 36. Bf4 h6 37. Qd8+ Kh7 38. Qa8 g5 39. hxg5 hxg5 40. Be3 a4 41. Qh1+ Kg6 42. Qh8 a3 43. Qa1 Qd3 44. Qh8 Qf5 45. Qg8+ Rg7 46. Qb3 Qa5 47. Qc2+ Kh6 48. Bd4 1-0

[Event "Titled Tuesday intern op 22nd Nov Early"]
[Site "Chess.com INT"]
[Date "2022.11.22"]
[Round "7"]
[White "Chernov, Mikhail"]
[Black "Danielian, Vardan"]
[Result "0-1"]
[WhiteElo "2213"]
[BlackElo "2230"]
[PlyCount "78"]
[EventDate "2022.11.22"]
[EventType "swiss (blitz)"]
[EventRounds "11"]
[EventCountry "USA"]
[SourceTitle "CBM 211 Extra"]
[Source "ChessBase"]
[SourceDate "2023.01.31"]
[SourceVersion "1"]
[SourceVersionDate "2023.01.31"]
[SourceQuality "1"]

1. d4 Nf6 2. Nc3 d5 3. Bf4 c6 4. e3 Bf5 5. Nf3 e6 6. Ne5 Nbd7 7. g4 Nxe5 8. gxf5 Ned7 9. fxe6 fxe6 10. Bh3 Qe7 11. Qe2 e5 12. dxe5 Nxe5 13. 0-0-0 g6 14. e4 d4 15. Rxd4 Bg7 16. Rhd1 0-0 17. Bg5 h6 18. Bh4 g5 19. Bg3 b5 20. Bf5 a5 21. f4 Nc4 22. fxg5 hxg5 23. Rxc4 bxc4 24. Qxc4+ Kh8 25. h4 g4 26. Qe2 Rab8 27. Bxb8 Rxb8 28. h5 Qb4 29. Rd3 Qxb2+ 30. Kd2 Bh6+ 31. Ke1 Qc1+ 32. Kf2 Qf4+ 33. Kg2 Kg7 34. Rd1 Rf8 35. Rf1 Qg5 36. Qc4 Nxh5 37. Qxc6 Nf4+ 38. Kh1 Qh4+ 39. Kg1 Qg3+ 0-1

[Event "Titled Tuesday intern op 22nd Nov Early"]
[Site "Chess.com INT"]
[Date "2022.11.22"]
[Round "2"]
[White "Danielian, Vardan"]
[Black "Strybuk, Artsiom I"]
[Result "0-1"]
[WhiteElo "2230"]
[BlackElo "2312"]
[PlyCount "74"]
[EventDate "2022.11.22"]
[EventType "swiss (blitz)"]
[EventRounds "11"]
[EventCountry "USA"]
[SourceTitle "CBM 211 Extra"]
[Source "ChessBase"]
[SourceDate "2023.01.31"]
[SourceVersion "1"]
[SourceVersionDate "2023.01.31"]
[SourceQuality "1"]

1. Nf3 Nf6 2. g3 g6 3. Bg2 Bg7 4. 0-0 0-0 5. d4 d5 6. c4 c6 7. cxd5 cxd5 8. Ne5 e6 9. Nc3 Nfd7 10. f4 Nc6 11. Be3 Ne7 12. Bf2 Nb6 13. e4 dxe4 14. Nxe4 Nbd5 15. Rc1 b6 16. Qb3 Bb7 17. Qa3 a5 18. Rfd1 Nf5 19. Nc4 Nb4 20. Ne5 Bd5 21. Nc3 Bxg2 22. Kxg2 Qb8 23. Qb3 Qb7+ 24. Kg1 Rac8 25. a3 Nc6 26. Nxc6 Rxc6 27. d5 Rd6 28. dxe6 Rxe6 29. Qd5 Qe7 30. Re1 Ne3 31. Qf3 Bd4 32. Kh1 Re8 33. Bg1 Nf5 34. Rxe6 Qxe6 35. Rf1 h5 36. Nd5 Rd8 37. Bxd4 Rxd5 0-1

[Event "Titled Tuesday intern op 22nd Nov Early"]
[Site "Chess.com INT"]
[Date "2022.11.22"]
[Round "1"]
[White "Johnson, Ben"]
[Black "Danielian, Vardan"]
[Result "0-1"]
[WhiteElo "2050"]
[BlackElo "2230"]
[PlyCount "60"]
[EventDate "2022.11.22"]
[EventType "swiss (blitz)"]
[EventRounds "11"]
[EventCountry "USA"]
[SourceTitle "CBM 211 Extra"]
[Source "ChessBase"]
[SourceDate "2023.01.31"]
[SourceVersion "1"]
[SourceVersionDate "2023.01.31"]
[SourceQuality "1"]

1. Nf3 Nf6 2. c4 g6 3. b3 Bg7 4. Bb2 0-0 5. g3 d6 6. d4 e5 7. dxe5 Ng4 8. Bg2 Nc6 9. 0-0 Re8 10. Qd2 Ncxe5 11. Nxe5 Nxe5 12. e4 Bh3 13. f4 Bxg2 14. Kxg2 Nd7 15. Bxg7 Kxg7 16. Nc3 Nf6 17. Rae1 Kg8 18. h3 Qe7 19. Qd4 c6 20. Rf2 a6 21. Rfe2 Rad8 22. Kf3 Nd7 23. b4 Nf8 24. a3 h5 25. Qb6 h4 26. g4 g5 27. Qe3 gxf4 28. Qxf4 Ng6 29. Qh6 Qe5 30. Rg2 Qxc3+ 0-1

[Event "Titled Tuesday intern op 01st Mar Early"]
[Site "Chess.com INT"]
[Date "2022.03.01"]
[Round "4"]
[White "Danielian, Vardan"]
[Black "Ovezdurdiyeva, Jemal"]
[Result "1-0"]
[WhiteElo "2230"]
[BlackElo "2061"]
[PlyCount "75"]
[EventDate "2022.03.01"]
[EventType "swiss (blitz)"]
[EventRounds "11"]
[EventCountry "USA"]
[SourceTitle "CBM 207 Extra"]
[Source "ChessBase"]
[SourceDate "2022.05.31"]
[SourceVersion "1"]
[SourceVersionDate "2022.05.31"]
[SourceQuality "1"]

1. Nf3 Nf6 2. g3 g6 3. Bg2 d5 4. 0-0 Bg7 5. d4 0-0 6. c4 c6 7. cxd5 Nxd5 8. Nc3 Bg4 9. e4 Nxc3 10. bxc3 Qd7 11. Qe2 Bh3 12. Bf4 Bxg2 13. Kxg2 b6 14. Rad1 Qb7 15. c4 Nd7 16. Rfe1 Rfe8 17. d5 Nc5 18. Be5 f6 19. Ba1 e5 20. Bb2 Rad8 21. h4 b5 22. dxc6 Qxc6 23. cxb5 Qb7 24. Rxd8 Rxd8 25. Qc4+ Kh8 26. Qxc5 Rc8 27. Qd5 Qb6 28. Rd1 h5 29. Rd2 Kh7 30. Qf7 Rc7 31. Rd7 Rxd7 32. Qxd7 a6 33. bxa6 Qxa6 34. Qd5 Bf8 35. Bxe5 fxe5 36. Ng5+ Kh6 37. Qg8 Qf6 38. Qh7# 1-0

[Event "Titled Tuesday intern op 01st Mar Early"]
[Site "Chess.com INT"]
[Date "2022.03.01"]
[Round "3"]
[White "Van den Dikkenberg, Erik"]
[Black "Danielian, Vardan"]
[Result "0-1"]
[WhiteElo "2158"]
[BlackElo "2230"]
[PlyCount "138"]
[EventDate "2022.03.01"]
[EventType "swiss (blitz)"]
[EventRounds "11"]
[EventCountry "USA"]
[SourceTitle "CBM 207 Extra"]
[Source "ChessBase"]
[SourceDate "2022.05.31"]
[SourceVersion "1"]
[SourceVersionDate "2022.05.31"]
[SourceQuality "1"]

1. e4 c5 2. Nc3 d6 3. d4 cxd4 4. Qxd4 e6 5. Nf3 a6 6. h4 Nc6 7. Qd2 Nf6 8. b3 Be7 9. Bb2 0-0 10. 0-0-0 Qc7 11. Kb1 b5 12. Bd3 Bb7 13. g4 Ne5 14. Nxe5 dxe5 15. g5 Nd7 16. Ne2 Nc5 17. h5 Nxe4 18. Bxe4 Bxe4 19. Rh4 Rfd8 20. Rxe4 Rxd2 21. Rxd2 Qc6 22. Rxe5 Qh1+ 23. Nc1 Qxh5 24. a3 Rc8 25. Nd3 Rd8 26. f4 h6 27. gxh6 Qxh6 28. Ree2 Bf6 29. Rh2 Qg6 30. Rdg2 Qf5 31. Be5 Rxd3 32. cxd3 Bxe5 33. fxe5 Qxe5 34. Kc2 Qc5+ 35. Kb2 g6 36. Rc2 Qd4+ 37. Ka2 Kg7 38. Rc8 Qxd3 39. Rch8 g5 40. R8h6 a5 41. R6h5 Qf5 42. Rg2 Kg6 43. Rgh2 a4 44. Rh6+ Kg7 45. R6h5 axb3+ 46. Kxb3 Qd5+ 47. Kb4 Qc4+ 48. Ka5 Qa4+ 49. Kb6 b4 50. Rxg5+ Kf6 51. Rgg2 bxa3 52. Rf2+ Ke7 53. Rc2 Qb3+ 54. Ka5 e5 55. Rce2 Qc3+ 56. Ka4 Ke6 57. Ra2 f5 58. Rhc2 Qd4+ 59. Kxa3 f4 60. Rd2 Qb6 61. Rab2 Qa5+ 62. Kb3 Kf5 63. Kc2 Qc5+ 64. Kd1 f3 65. Rf2 Kf4 66. Rbc2 Qd4+ 67. Rfd2 Qa1+ 68. Rc1 Qa4+ 69. Rcc2 e4 0-1

[Event "Titled Tuesday intern op 04th Jan"]
[Site "Chess.com INT"]
[Date "2022.01.04"]
[Round "7"]
[White "Bon, Michael"]
[Black "Danielian, Vardan"]
[Result "0-1"]
[WhiteElo "2408"]
[BlackElo "2230"]
[PlyCount "40"]
[EventDate "2022.01.04"]
[EventType "swiss (blitz)"]
[EventRounds "11"]
[EventCountry "USA"]
[SourceTitle "EXT 2023"]
[Source "ChessBase"]
[SourceDate "2022.10.05"]
[SourceVersion "1"]
[SourceVersionDate "2022.10.05"]
[SourceQuality "1"]

1. e4 c5 2. Nf3 d6 3. d4 cxd4 4. Nxd4 Nf6 5. Nc3 g6 6. Be3 Bg7 7. f3 0-0 8. Qd2 Nc6 9. 0-0-0 Nxd4 10. Bxd4 Be6 11. Kb1 Qc7 12. h4 Rfc8 13. h5 Qa5 14. hxg6 hxg6 15. a3 Rab8 16. Bd3 b5 17. Qg5 d5 18. Nxd5 Bxd5 19. exd5 b4 20. d6 Qxg5 0-1

[Event "Titled Tuesday intern op 04th Jan"]
[Site "Chess.com INT"]
[Date "2022.01.04"]
[Round "6"]
[White "Danielian, Vardan"]
[Black "Golubenko, Valentina"]
[Result "0-1"]
[WhiteElo "2230"]
[BlackElo "2209"]
[PlyCount "80"]
[EventDate "2022.01.04"]
[EventType "swiss (blitz)"]
[EventRounds "11"]
[EventCountry "USA"]
[SourceTitle "EXT 2023"]
[Source "ChessBase"]
[SourceDate "2022.10.05"]
[SourceVersion "1"]
[SourceVersionDate "2022.10.05"]
[SourceQuality "1"]

1. Nf3 g6 2. d4 Bg7 3. c4 c5 4. d5 d6 5. Nc3 e6 6. g3 exd5 7. cxd5 Nf6 8. Bg2 0-0 9. 0-0 Re8 10. a4 a6 11. h3 Nbd7 12. Nd2 Qc7 13. Nc4 Ne5 14. Ne3 Rb8 15. f4 Ned7 16. Nc4 b5 17. axb5 axb5 18. Na5 b4 19. Nb1 Ra8 20. Qa4 Nb6 21. Qc6 Qxc6 22. dxc6 Nc4 23. Nb3 Rxa1 24. Nxa1 Rxe2 25. Rf2 Re1+ 26. Rf1 Re7 27. Nb3 Bf5 28. N1d2 Nxd2 29. Bxd2 Ne4 30. Bc1 Nxg3 31. Rd1 Bc2 32. Rxd6 Bxb3 33. Rd8+ Bf8 34. f5 Ne2+ 35. Kf2 Nxc1 36. f6 Rc7 37. Rd7 Rc8 38. c7 Ba4 39. Re7 Bxe7 40. fxe7 Rxc7 0-1

[Event "Titled Tuesday intern op 04th Jan"]
[Site "Chess.com INT"]
[Date "2022.01.04"]
[Round "5"]
[White "Dourerassou, Jonathan"]
[Black "Danielian, Vardan"]
[Result "1-0"]
[WhiteElo "2450"]
[BlackElo "2230"]
[PlyCount "85"]
[EventDate "2022.01.04"]
[EventType "swiss (blitz)"]
[EventRounds "11"]
[EventCountry "USA"]
[SourceTitle "EXT 2023"]
[Source "ChessBase"]
[SourceDate "2022.10.05"]
[SourceVersion "1"]
[SourceVersionDate "2022.10.05"]
[SourceQuality "1"]

1. d4 Nf6 2. c4 g6 3. f3 Bg7 4. e4 d6 5. Nc3 0-0 6. Nge2 c5 7. Be3 cxd4 8. Nxd4 Nc6 9. Be2 Nxd4 10. Bxd4 Be6 11. 0-0 a6 12. Rc1 Rc8 13. Nd5 Nxd5 14. exd5 Bf5 15. Bxg7 Kxg7 16. Qd4+ Kg8 17. Rfe1 e5 18. dxe6 Bxe6 19. Rcd1 Qa5 20. a3 Rfd8 21. Bf1 d5 22. Re5 Qc5 23. Qxc5 Rxc5 24. b4 Rc7 25. cxd5 Rcd7 26. Bc4 b5 27. Bb3 Rd6 28. Kf2 Bd7 29. Ke3 Kf8 30. Kd4 Rc8 31. Rd3 Bf5 32. Rd2 Rdd8 33. g4 Bd7 34. h3 Rc1 35. Re3 Be8 36. Ke5 Ke7 37. d6+ Kd7 38. Kf6 Kc6 39. Bd5+ Kxd6 40. Bxf7+ Kc7 41. Rxd8 Bxf7 42. Ra8 Bc4 43. Rxa6 1-0